000 00370nam a22001217a 4500
999 _c10060
_d10060
003 OSt
008 201218b ||||| |||| 00| 0 eng d
245 _aJournal of Neural Computing Systems
250 _a2018(Jan-Jun Vol.11 No.1, Jul-Dec Vol.11 No.2)
260 _aGurgaon, Haryana
_bInternational Science Press
650 _aComputer Science Engineering
942 _2ddc
_cBV